01018nam a2200217 a 450000100100000000500170001000800410002704000250006808200150009324500990010826000470020730000190025449000590027350000790033250400650041183000660047604900090054295201130055195201190066499900170078300003159620200930063036.0110628s1951 xxu 000 0 spa d aDO-SdBNPbspacBNPHU axxxxbE24c00aEducation :bcooperative program in the Dominican Republic additional financial contributions. aWashington :bDepartament of State,c1951. a4 p. ;c23 cm.1 aTreaties and other international acts seriesvno. 2375 aAgreement between the United States of America and the Dominican Republic. aIncluye referencias bibliográficas al pie de las páginas 0aTreaties and other international acts seriesvno. 2375957925 aBNPD 001050718MOaPDbPDcCTd2011-06-28iLF1l0oxxxx E24cp31596-10r2020-06-25w2020-06-25y1ZNo se presta 001050718MOaPDbPDcCTd2011-06-28iLF1l0oxxxx E24cp31596-20r2020-06-25te. 2w2020-06-25y1ZNo se presta c31088d31088